000 00761nam a2200277Ia 4500
001 Z_1580
003 CHAP
008 220113s1987 xx 000 0 und d
010 _a164667
040 _cCHAP
082 _a574.54 J6
100 _aJohnson, H D
_961825
245 _aBioclimatology and the adaptation of livestock /
_cby H. D. Johnson
260 _aAmsterdan :
_bElsevier,
_c1987
300 _a279 p. ; ilus.
440 _aWorld Animal Science, B5
_9122690
503 _aej.1 v.B5: 146369 \ ej.2 v.B5: fotocopias
650 _aBioclimatologĂ­a
_912719
650 _aGanado
_xEfecto del clima I. World Animal Science, B5
_9138717
901 _a574.54 J6
902 _aM
910 _a1987
942 _c1
942 _cc1
999 _c164667
_d164667